| 000 -LEADER |
| fixed length control field |
03398cam a2200385 i 4500 |
| 001 - CONTROL NUMBER |
| control field |
.b34441104 |
| 003 - CONTROL NUMBER IDENTIFIER |
| control field |
OCoLC |
| 005 - DATE AND TIME OF LATEST TRANSACTION |
| control field |
20190815090509.0 |
| 008 - FIXED-LENGTH DATA ELEMENTS--GENERAL INFORMATION |
| fixed length control field |
130823s2016 nyuabcf b 001 0beng d |
| 020 ## - INTERNATIONAL STANDARD BOOK NUMBER |
| International Standard Book Number |
1476763496 |
| Qualifying information |
(pbk.) |
| 020 ## - INTERNATIONAL STANDARD BOOK NUMBER |
| International Standard Book Number |
9781476763491 |
| Qualifying information |
(pbk.) |
| 035 ## - SYSTEM CONTROL NUMBER |
| System control number |
(OCoLC)856738863 |
| 040 ## - CATALOGING SOURCE |
| Original cataloging agency |
YDXCP |
| Language of cataloging |
eng |
| Description conventions |
rda |
| Transcribing agency |
YDXCP |
| Modifying agency |
BTCTA |
| -- |
BDX |
| -- |
OCLCQ |
| -- |
NZHPC |
| -- |
JP3 |
| -- |
OCLCO |
| -- |
CLE |
| -- |
OCLCF |
| -- |
OCLCO |
| -- |
CEG |
| 042 ## - AUTHENTICATION CODE |
| Authentication code |
nbic |
| 049 ## - LOCAL HOLDINGS (OCLC) |
| Holding library |
CEGA |
| 082 0# - DEWEY DECIMAL CLASSIFICATION NUMBER |
| Classification number |
921 KAN |
| 100 1# - MAIN ENTRY--PERSONAL NAME |
| Personal name |
Kanigel, Robert, |
| Relator term |
author. |
| 245 14 - TITLE STATEMENT |
| Title |
The man who knew infinity : |
| Remainder of title |
a life of the genius Ramanujan / |
| Statement of responsibility, etc. |
Robert Kanigel. |
| 250 ## - EDITION STATEMENT |
| Edition statement |
Washington Square Press trade paperback edition. |
| 260 ## - PUBLICATION, DISTRIBUTION, ETC. |
| Date of publication, distribution, etc. |
2016. |
| 264 #1 - PRODUCTION, PUBLICATION, DISTRIBUTION, MANUFACTURE, AND COPYRIGHT NOTICE |
| Place of production, publication, distribution, manufacture |
New York : |
| Name of producer, publisher, distributor, manufacturer |
Washington Square Press, |
| Date of production, publication, distribution, manufacture, or copyright notice |
2016. |
| 300 ## - PHYSICAL DESCRIPTION |
| Extent |
x, 438 pages, 16 unnumbered pages of plates : |
| Other physical details |
illustrations, portraits, maps ; |
| Dimensions |
21 cm. |
| 336 ## - CONTENT TYPE |
| Content type term |
text |
| Content type code |
txt |
| Source |
rdacontent. |
| 337 ## - MEDIA TYPE |
| Media type term |
unmediated |
| Media type code |
n |
| Source |
rdamedia. |
| 338 ## - CARRIER TYPE |
| Carrier type term |
volume |
| Carrier type code |
nc |
| Source |
rdacarrier. |
| 500 ## - GENERAL NOTE |
| General note |
Originally published in 1991. |
| 504 ## - BIBLIOGRAPHY, ETC. NOTE |
| Bibliography, etc. note |
Includes bibliographical references (pages 417-423) and index. |
| 505 0# - FORMATTED CONTENTS NOTE |
| Formatted contents note |
One. In The Temple's Coolness/1887 to 1903 -- 1. Dakshin Gange -- 2. Sarangapani Sannidhi Street -- 3. A Brahmin Boyhood -- 4. Off-scale -- 5. The Goddess of Namakkal -- Two. Ranging With Delight/1903 to 1908 -- 1. The Book of Carr -- 2. The Cambridge of South India -- 3. Flight -- 4. Another Try -- 5. The Notebooks -- 6. A Thought of God -- 7. Enough is Enough -- Three. The Search For Patrons/1908 to 1913 -- 1. Janaki -- 2. Door-to-Door -- 3. "Leisure" in Madras -- 4. Jacob Bernoulli and His Numbers -- 5. The Port Trust -- 6. The British Raj -- 7. The Letter -- Four. Hardy/G. H. Hardy to 1913 -- 1. Forever Young -- 2. Horseshoe Lane -- 3. Flint and Stone -- 4. A Fellow of Trinity -- 5. "The Magic Air" -- 6. The Hardy School -- Five. "I Beg To Introduce Myself..."/1913 to 1914 -- 1. The Letter -- 2. "I Have Found in You a Friend ..." -- 3. "Does Ramanujan Know Polish?" -- 4. A Dream at Namakkal -- 5. At the Dock -- Six. Ramanujan's Spring/1914 to 1916 -- 1. Out of India -- 2. Together -- 3. The flames of Louvain -- 4. The zeroes of the zeta function -- 5. S. Ramanujan, B.A. -- Seven. The English Chill/1916 to 1918 -- 1. High table -- 2. An Indian in England -- 3. "A singularly happy collaboration" -- 4. Deepening the hole -- 5. "All us big steamers" -- 6. The Danish phenomenon -- 7. Trouble back home -- 8. The Nelson monument -- 9. Ramanujan, mathematics, and God -- 10. Singularities at X = 1 -- 11. Slipped from memory -- Eight. "In Somewhat Indifferent Health"/from 1918 -- 1. "All the world seemed young again" -- 2. Return to the cauvery -- 3. The final problem -- 4. A son of India -- 5. Ramanujan reborn -- 6. Better blast furnaces? -- 7. Svayambhu. |
| 520 ## - SUMMARY, ETC. |
| Summary, etc. |
A biography of the Indian mathematician Srinivasa Ramanujan. The book gives a detailed account of his upbringing in India, his mathematical achievements, and his mathematical collaboration with English mathematician G. H. Hardy. The book also reviews the life of Hardy and the academic culture of Cambridge University during the early twentieth century. |
| 600 10 - SUBJECT ADDED ENTRY--PERSONAL NAME |
| Personal name |
Ramanujan Aiyangar, Srinivasa, |
| Dates associated with a name |
1887-1920. |
| 600 10 - SUBJECT ADDED ENTRY--PERSONAL NAME |
| Personal name |
Hardy, G. H. |
| Fuller form of name |
(Godfrey Harold), |
| Dates associated with a name |
1877-1947. |
| 650 #0 - SUBJECT ADDED ENTRY--TOPICAL TERM |
| Topical term or geographic name entry element |
Mathematicians |
| Geographic subdivision |
India |
| Form subdivision |
Biography. |
| 650 #0 - SUBJECT ADDED ENTRY--TOPICAL TERM |
| Topical term or geographic name entry element |
Mathematicians |
| Geographic subdivision |
Great Britain |
| Form subdivision |
Biography. |
| 942 ## - ADDED ENTRY ELEMENTS (KOHA) |
| Source of classification or shelving scheme |
|
| Koha item type |
Books - Non Ficton |